Disaster response and recovery : (Record no. 31019)

000 -LEADER
fixed length control field 01388cam a2200313 i 4500
001 - CONTROL NUMBER
control field 18153948
005 - DATE AND TIME OF LATEST TRANSACTION
control field 20220105131223.0
008 - FIXED-LENGTH DATA ELEMENTS--GENERAL INFORMATION
fixed length control field 140516s2015 njua b 001 0 eng
010 ## - LIBRARY OF CONGRESS CONTROL NUMBER
LC control number 2014017668
020 ## - INTERNATIONAL STANDARD BOOK NUMBER
International Standard Book Number 9781118673027 (paperback)
040 ## - CATALOGING SOURCE
Original cataloging agency DLC
Language of cataloging eng
Transcribing agency DLC
Description conventions rda
Modifying agency DLC
042 ## - AUTHENTICATION CODE
Authentication code pcc
043 ## - GEOGRAPHIC AREA CODE
Geographic area code n-us---
050 00 - LIBRARY OF CONGRESS CALL NUMBER
Classification number HV555.U6 M394 2015
Item number M394 2015
082 00 - DEWEY DECIMAL CLASSIFICATION NUMBER
Classification number 363.34/80973
Edition number 23
084 ## - OTHER CLASSIFICATION NUMBER
Classification number SOC026000
Number source bisacsh
100 1# - MAIN ENTRY--PERSONAL NAME
Personal name McEntire, David A.
245 10 - TITLE STATEMENT
Title Disaster response and recovery :
Remainder of title strategies and tactics for resilience /
Statement of responsibility, etc. David A. McEntire, PhD. Emergency Administration and Planning Department of Public Administration University of North Texas.
250 ## - EDITION STATEMENT
Edition statement 2nd Ed.
260 ## - PUBLICATION, DISTRIBUTION, ETC. (IMPRINT)
Place of publication, distribution, etc. Hoboken, NJ :
Name of publisher, distributor, etc. Wiley,
Date of publication, distribution, etc. 2015.
300 ## - PHYSICAL DESCRIPTION
Extent xx, 535 pages :
Other physical details illustrations ;
Dimensions 26 cm
504 ## - BIBLIOGRAPHY, ETC. NOTE
Bibliography, etc Includes bibliographical references (pages 487- 527) and index.
650 #0 - SUBJECT ADDED ENTRY--TOPICAL TERM
Topical term or geographic name as entry element Disaster relief
Geographic subdivision United States.
650 #7 - SUBJECT ADDED ENTRY--TOPICAL TERM
Topical term or geographic name as entry element SOCIAL SCIENCE / Sociology / General.
Source of heading or term bisacsh
776 08 - ADDITIONAL PHYSICAL FORM ENTRY
Relationship information Online version:
Main entry heading McEntire, David A.
Title Disaster response and recovery
Edition Second edition.
Place, publisher, and date of publication Hoboken : Wiley, 2014
International Standard Book Number 9781118957585
Record control number (DLC) 2014019869
906 ## - LOCAL DATA ELEMENT F, LDF (RLIN)
a 7
b cbc
c orignew
d 1
e ecip
f 20
g y-gencatlg
942 ## - ADDED ENTRY ELEMENTS (KOHA)
Source of classification or shelving scheme
Koha item type Hard Covered Materials
Classification part HV555.U6M394 2015
Holdings
Withdrawn status Lost status Source of classification or shelving scheme Damaged status Not for loan Home library Current library Shelving location Date acquired Source of acquisition Cost, normal purchase price Total Checkouts Full call number Barcode Date last seen Price effective from Koha item type
          MACHAKOS UNIVERSITY LIBRARY MACHAKOS UNIVERSITY LIBRARY Open shelf 05/01/2022 Donation (Rattansi Education Trust) 6814.66   HV555.U6M394 2015 23690 12/01/2022 05/01/2022 Hard Covered Materials
© Machakos University Library, Along The Highway, Machakos Wote Rd, Machakos, Kenya P.O. Box 136 - 90100 Machakos - Kenya

Tel: ( +254 ) 723 805829 OR Fax : 044-20353 OR Email: library@mksu.ac.ke